[Event "K41 Aabent Mesterskab 2006-07"]
[Site "Valby"]
[Date "2006.11.21"]
[Round "2"]
[White "Nielsen, Jens Holm"]
[Black "Eiholt, Bjarne"]
[Result "1/2-1/2"]
[WhiteElo "1780"]
[BlackElo "1444"]
[PlyCount "156"]
[EventDate "2006.??.??"]

1. f4 e5 2. fxe5 d6 3. Nf3 dxe5 4. e4 Bg4 5. Bc4 Nc6 6. d3 Nf6 7. Be3 Bd6 8.
O-O Nd4 9. Bxd4 exd4 10. e5 Bxf3 11. Qxf3 Bxe5 12. Re1 Qd6 13. Qf5 Nd7 14.
Qxf7+ Kd8 15. Qh5 Re8 16. Nd2 Nf6 17. Qh3 c6 18. Ne4 Nxe4 19. Rxe4 Kc7 20. Rae1
Re7 21. g3 Rae8 22. a3 Bf6 23. Qxh7 Rxe4 24. Rxe4 Rxe4 25. Qxe4 b5 26. Bb3 Qc5
27. Kg2 Bg5 28. Qe1 Qd6 29. a4 b4 30. Qe6 Qc5 31. Bc4 Qd6 32. h4 Qxe6 33. Bxe6
Bf6 34. Kf3 Kd6 35. Bc4 Ke5 36. Kg4 a5 37. Ba6 Ke6 38. Bb7 Kd7 39. Kf5 Kd6 40.
h5 Kd7 41. h6 Ke7 42. h7 Kf7 43. Bxc6 g6+ 44. Ke4 Ke6 45. g4 g5 46. Bd5+ Kd6
47. Kf5 Bh8 48. Bc4 Ke7 49. Kxg5 Kf8 50. Kg6 Ke7 51. g5 Kf8 52. Bd5 Bg7 53. Bg8
Bh8 54. Kf5 Ke7 55. Bc4 Bg7 56. Kg4 Kd6 57. Kf5 Ke7 58. Kg6 Kf8 59. Bd5 Bh8 60.
Bg8 Bg7 61. Kf5 Ke7 62. g6 Kd6 63. Kg5 Ke7 64. Bf7 Kf8 65. Kf5 Ke7 66. Ke4 Kd6
67. Bb3 Bh8 68. Bg8 Bg7 69. Kf5 Ke7 70. Ba2 Bh8 71. Kg5 Bg7 72. Kh5 Kf6 73.
h8=Q Bxh8 74. Kh6 Bg7+ 75. Kh7 Bf8 76. Kg8 Bg7 77. Bf7 Bh6 78. Kh7 Bf8 1/2-1/2

[Event "K41 Aabent Mesterskab 2006-07"]
[Site "Valby"]
[Date "2006.11.21"]
[Round "2"]
[White "Nielsen, Kai Gylling"]
[Black "Lichtenberg, Ivan"]
[Result "1/2-1/2"]
[WhiteElo "1672"]
[BlackElo "1258"]
[PlyCount "91"]
[EventDate "2006.??.??"]

1. e4 c5 2. Nf3 Nc6 3. Bc4 e6 4. O-O a6 5. a4 d6 6. d4 cxd4 7. Nxd4 Bd7 8. Nc3
Be7 9. Be3 Nf6 10. Nxc6 Bxc6 11. Bd3 O-O 12. f4 Qc7 13. Qe2 Rad8 14. a5 Nd7 15.
Qh5 Rde8 16. f5 Nf6 17. Qh3 exf5 18. exf5 d5 19. Bb6 Qd7 20. Rad1 Bd8 21. Bc5
Be7 22. Bf2 Qc7 23. Bb6 Qd6 24. Bd4 Qb4 25. Rf4 Bc5 26. Qh4 Bxd4+ 27. Rxd4 Qxb2
28. Ne2 Bb5 29. Bxb5 Qxb5 30. Nc3 Qxa5 31. Nxd5 Nxd5 32. Rxd5 Qb6+ 33. Kh1 f6
34. Rd7 Rd8 35. Qc4+ Kh8 36. Qf7 Rg8 37. h4 Rxd7 38. Qxd7 h6 39. Kh2 Qb2 40.
Qc7 b5 41. g3 Re8 42. Rd7 Re2+ 43. Kh3 Rxc2 44. Qd8+ Kh7 45. Rxg7+ Kxg7 46.
Qe7+ 1/2-1/2

[Event "K41 Aabent Mesterskab 2006-07"]
[Site "Valby"]
[Date "2006.11.21"]
[Round "2"]
[White "Nielsen, Morten"]
[Black "Nielsen, Soren Skovso"]
[Result "0-1"]
[WhiteElo "1921"]
[BlackElo "1593"]
[PlyCount "86"]
[EventDate "2006.??.??"]

1. e4 c5 2. f4 e6 3. c3 Qh4+ 4. g3 Qd8 5. d4 cxd4 6. cxd4 Bb4+ 7. Nc3 Nf6 8.
Bd3 d5 9. e5 Ne4 10. Qc2 Nc6 11. Be3 O-O 12. Bxe4 dxe4 13. Qxe4 Qa5 14. Nge2
Bd7 15. O-O Ne7 16. a3 Bxc3 17. Nxc3 Bc6 18. Qd3 Nd5 19. b4 Qd8 20. b5 Be8 21.
Nd1 a6 22. bxa6 bxa6 23. a4 Bc6 24. Bd2 Qd7 25. Nb2 Nb6 26. d5 Nxd5 27. Rfc1
Rfd8 28. Ba5 Qa7+ 29. Kf1 Ne3+ 30. Ke2 Rxd3 31. Nxd3 Nf5 32. Nc5 Rb8 33. Kd3
Qa8 34. g4 Nh4 35. Rc4 h6 36. Rac1 Bd5 37. R4c3 Bg2 38. Kd4 Qd5+ 39. Ke3 Qf3+
40. Kd2 Qf2+ 41. Kd3 Qxf4 42. Nd7 Qe4+ 43. Kd2 Rb2+ 0-1

[Event "K41 Aabent Mesterskab 2006-07"]
[Site "Valby"]
[Date "2006.11.21"]
[Round "2"]
[White "Ringsborg, Allan"]
[Black "Moller, Arne Vagn"]
[Result "0-1"]
[WhiteElo "1591"]
[BlackElo "1782"]
[PlyCount "64"]
[EventDate "2006.??.??"]

1. c4 Nf6 2. Nc3 e6 3. g3 d5 4. cxd5 exd5 5. d4 c6 6. Bg5 Be7 7. Bg2 O-O 8. h3
Be6 9. Qb3 b6 10. e3 Nbd7 11. Nge2 Rc8 12. O-O Ne4 13. Bxe7 Qxe7 14. Nf4 Nd2
15. Qc2 Nxf1 16. Rxf1 Nf6 17. Rc1 Qd7 18. b4 Bf5 19. Qa4 g5 20. Nfe2 Bxh3 21.
Qc2 Qf5 22. e4 dxe4 23. Nxe4 Bxg2 24. Nxf6+ Qxf6 25. Kxg2 Qg6 26. Qa4 Qe4+ 27.
Kf1 Rfe8 28. Qc2 Qxc2 29. Rxc2 Kg7 30. a4 Kf6 31. Rc3 Ke6 32. Ke1 Kd5 0-1

[Event "K41 Aabent Mesterskab 2006-07"]
[Site "Valby"]
[Date "2006.11.21"]
[Round "2"]
[White "Roder, Peter Ulrik"]
[Black "Truelsen, Ole Illum"]
[Result "0-1"]
[WhiteElo "2029"]
[BlackElo "1786"]
[PlyCount "50"]
[EventDate "2006.??.??"]

1. d4 e6 2. c4 f5 3. Nc3 Nf6 4. Nf3 d5 5. Bf4 c6 6. e3 Be7 7. Bd3 O-O 8. O-O
Ne4 9. h3 Bd7 10. Ne5 Be8 11. f3 Nxc3 12. bxc3 g5 13. Bh2 Nd7 14. g4 Nxe5 15.
Bxe5 Bg6 16. f4 Bd6 17. Qc2 gxf4 18. exf4 Bxe5 19. fxe5 Qg5 20. Rf3 fxg4 21.
Rg3 Rf3 22. Rxf3 gxf3+ 23. Kf1 Bxd3+ 24. Qxd3 Qg2+ 25. Ke1 f2+ 0-1

[Event "K41 Aabent Mesterskab 2006-07"]
[Site "Valby"]
[Date "2006.11.21"]
[Round "2"]
[White "Tandrup, Michael"]
[Black "Laursen, Niels Norskov"]
[Result "1/2-1/2"]
[WhiteElo "1866"]
[BlackElo "2100"]
[PlyCount "75"]
[EventDate "2006.??.??"]

1. d4 Nf6 2. Nf3 c5 3. e3 g6 4. Be2 Bg7 5. O-O O-O 6. b3 cxd4 7. exd4 b6 8. Bb2
Bb7 9. Nbd2 Nc6 10. Ne5 d6 11. Nxc6 Bxc6 12. Bf3 Rc8 13. Bxc6 Rxc6 14. Nf3 e6
15. c4 Ne4 16. Qe2 d5 17. Ne5 Rc7 18. Rac1 Qc8 19. cxd5 exd5 20. Rxc7 Qxc7 21.
Rc1 Qb7 22. Qb5 Rd8 23. f3 Nf6 24. Nc6 Re8 25. Ba3 Bh6 26. Rc2 Qd7 27. Qd3 Qe6
28. Ne5 Rc8 29. Kf2 Bf4 30. Rxc8+ Qxc8 31. g3 Bg5 32. Bb2 Nd7 33. Qc3 Qxc3 34.
Bxc3 Nf8 35. f4 Bf6 36. Ng4 Kg7 37. Ne3 Ne6 38. Nxd5 1/2-1/2

[Event "K41 Aabent Mesterskab 2006-07"]
[Site "Valby"]
[Date "2006.11.21"]
[Round "2"]
[White "Taylor, Ralph"]
[Black "Radil, Casper"]
[Result "1-0"]
[WhiteElo "1876"]
[BlackElo "2104"]
[PlyCount "79"]
[EventDate "2006.??.??"]

1. e4 Nf6 2. e5 Nd5 3. c4 Nb6 4. c5 Nd5 5. Bc4 e6 6. d4 d6 7. cxd6 cxd6 8. Nf3
Nc6 9. O-O dxe5 10. dxe5 Be7 11. Qe2 Nb6 12. Rd1 Bd7 13. Nc3 Nxc4 14. Qxc4 Rc8
15. Qg4 g6 16. Bh6 Qa5 17. Qg3 Nb4 18. Ne4 Nd5 19. a3 Ba4 20. Re1 Bd7 21. Rad1
Rc2 22. Nd6+ Bxd6 23. exd6 Nb6 24. Qh4 g5 25. Qd4 Rg8 26. Qf6 Nc8 27. Nxg5 Nxd6
28. b4 Qb6 29. Rxd6 Qxd6 30. Qxf7+ Kd8 31. Qxg8+ Kc7 32. Qxh7 Re2 33. Rc1+ Kb6
34. Nf3 Bc6 35. Be3+ Ka6 36. Qh5 Bd5 37. Nd4 Ra2 38. h3 b6 39. b5+ Ka5 40. Qd1
1-0

[Event "K41 Aabent Mesterskab 2006-07"]
[Site "Valby"]
[Date "2006.11.21"]
[Round "2"]
[White "Walli, Aqil Raad"]
[Black "Nilsson, Erling"]
[Result "1-0"]
[WhiteElo "1631"]
[BlackElo "1915"]
[PlyCount "59"]
[EventDate "2006.??.??"]

1. e4 d5 2. exd5 Qxd5 3. Nc3 Qa5 4. d4 Nf6 5. Nf3 Bf5 6. Bd2 c6 7. Bc4 e6 8.
Nd5 Qd8 9. Nxf6+ gxf6 10. Bf4 Nd7 11. Qe2 Nb6 12. Bb3 Nd5 13. Bd2 Bd6 14. Nh4
Bg6 15. c4 Ne7 16. Bc3 Nf5 17. Nxf5 Bxf5 18. g4 Bg6 19. h4 h6 20. d5 cxd5 21.
cxd5 e5 22. f4 O-O 23. f5 Bh7 24. Qe3 Kg7 25. Bd2 Qe7 26. Qxh6+ Kh8 27. a3 b5
28. g5 fxg5 29. hxg5 Rg8 30. Qxh7# 1-0

[Event "K41 Aabent Mesterskab 2006-07"]
[Site "Valby"]
[Date "2006.11.21"]
[Round "2"]
[White "Weinreich, Per C"]
[Black "Nielsen, Michael"]
[Result "0-1"]
[WhiteElo "1800"]
[BlackElo "2043"]
[PlyCount "48"]
[EventDate "2006.??.??"]

1. Nf3 c5 2. e4 Nc6 3. Nc3 d6 4. d4 cxd4 5. Nxd4 Nf6 6. Be2 g6 7. Be3 Bg7 8. g4
h5 9. gxh5 Nxh5 10. Qd2 Nf4 11. O-O-O Ng2 12. Kb1 Nxe3 13. Qxe3 Nxd4 14. Rxd4
Rh3 15. Qd2 Bxd4 16. Qxd4 Kf8 17. Nd5 e5 18. Qd2 Be6 19. f4 Bxd5 20. exd5 exf4
21. Qxf4 Rh4 22. Qf2 Qe7 23. Bd3 Re8 24. Bxg6 Rxh2 0-1

[Event "K41 Aabent Mesterskab 2006-07"]
[Site "Valby"]
[Date "2006.12.05"]
[Round "3"]
[White "Abildgaard, Kenneth"]
[Black "Weinreich, Per C"]
[Result "0-1"]
[WhiteElo "1470"]
[BlackElo "1800"]
[PlyCount "66"]
[EventDate "2006.??.??"]

1. e4 c5 2. Nf3 d6 3. d4 cxd4 4. Nxd4 Nf6 5. Nc3 g6 6. Bd3 Bg7 7. Bd2 O-O 8.
Qc1 Nxe4 9. Nxe4 Bxd4 10. Bh6 Qa5+ 11. c3 Bg7 12. h4 Bf5 13. Bxg7 Kxg7 14. f3
Qe5 15. O-O Nc6 16. Re1 Bxe4 17. Bxe4 Qf6 18. Bxc6 bxc6 19. Re4 d5 20. Ra4 Rfb8
21. b3 Rb7 22. Qe3 e5 23. Re1 Re7 24. Qc5 h5 25. Rf4 Qe6 26. Ra4 Qd7 27. Ra6
Rc8 28. c4 Qb7 29. Qa3 d4 30. Ra5 Rce8 31. f4 exf4 32. Rxe7 Qxe7 33. Rxa7 Qe1+
0-1

[Event "K41 Aabent Mesterskab 2006-07"]
[Site "Valby"]
[Date "2006.12.05"]
[Round "3"]
[White "Akdag, Dara Sevkan"]
[Black "Naes, Flovin Tor"]
[Result "0-1"]
[WhiteElo "1910"]
[BlackElo "2227"]
[PlyCount "48"]
[EventDate "2006.??.??"]

1. d4 d5 2. c4 e6 3. Nc3 c5 4. cxd5 exd5 5. Nf3 Nc6 6. e3 Nf6 7. Bd3 Bg4 8. O-O
Be7 9. dxc5 Bxc5 10. Be2 O-O 11. Nb5 Ne4 12. Nfd4 Bxe2 13. Nxe2 Qb6 14. Nbd4
Rfd8 15. b3 Bxd4 16. exd4 Rac8 17. f3 Nd6 18. Ba3 Nf5 19. Bc5 Qa6 20. Qd2 b6
21. g4 Nh4 22. f4 bxc5 23. f5 Re8 24. Ng3 Nxd4 0-1

[Event "K41 Aabent Mesterskab 2006-07"]
[Site "Valby"]
[Date "2006.12.05"]
[Round "3"]
[White "Christensen, Esben"]
[Black "Tandrup, Michael"]
[Result "1/2-1/2"]
[WhiteElo "2002"]
[BlackElo "1866"]
[PlyCount "26"]
[EventDate "2006.??.??"]

1. e4 c5 2. Nf3 Nc6 3. d4 cxd4 4. Nxd4 e5 5. Nb5 d6 6. a4 a6 7. N5a3 Nf6 8. Nc3
Be6 9. Bc4 Bxc4 10. Nxc4 Nxe4 11. Nxe4 d5 12. O-O dxc4 13. Qe2 Nd4 1/2-1/2

[Event "K41 Aabent Mesterskab 2006-07"]
[Site "Valby"]
[Date "2006.12.05"]
[Round "3"]
[White "Eiholt, Bjarne"]
[Black "Olsen, Joe Flyckt"]
[Result "0-1"]
[WhiteElo "1444"]
[BlackElo "1712"]
[PlyCount "96"]
[EventDate "2006.??.??"]

1. d4 Nf6 2. c4 g6 3. Nc3 Bg7 4. Nf3 O-O 5. Bf4 d6 6. h3 c5 7. e3 a6 8. Be2 Bf5
9. O-O Nbd7 10. Rc1 cxd4 11. exd4 Qb6 12. Na4 Qa5 13. a3 b5 14. Nc3 b4 15. axb4
Qxb4 16. Na4 Be4 17. c5 Bc6 18. Rc4 Bxa4 19. Rxb4 Bxd1 20. Rxd1 Nd5 21. Bd2
Nxb4 22. Bxb4 Rfb8 23. Ba3 dxc5 24. dxc5 Bxb2 25. c6 Bxa3 26. cxd7 Bd6 27. Ng5
Rd8 28. Bc4 Rxd7 29. Bxf7+ Kg7 30. Bb3 Rb8 31. Ba4 Rdb7 32. Bc2 Rb2 33. Bd3 a5
34. g4 a4 35. Ne6+ Kf6 36. Nd4 Bc5 37. g5+ Kf7 38. Bc4+ Ke8 39. Ne2 Rb1 40.
Rxb1 Rxb1+ 41. Kg2 a3 42. Nc3 Rb2 43. Kg3 Bxf2+ 44. Kf3 Be1 45. Na2 Rf2+ 46.
Ke3 Rh2 47. Be6 Bd2+ 48. Kf3 Bxg5 0-1

[Event "K41 Aabent Mesterskab 2006-07"]
[Site "Valby"]
[Date "2006.12.05"]
[Round "3"]
[White "Hagen, Andreas Skytte"]
[Black "Jorgensen, Orla Eilegaard"]
[Result "1-0"]
[WhiteElo "2259"]
[BlackElo "1459"]
[PlyCount "21"]
[EventDate "2006.??.??"]

1. Nf3 d5 2. d4 Nf6 3. c4 c6 4. Nc3 Bg4 5. Ne5 Bf5 6. cxd5 cxd5 7. e4 Nxe4 8.
Nxe4 Bxe4 9. Bb5+ Nc6 10. Nxc6 Qd7 11. Nxa7 1-0

[Event "K41 Aabent Mesterskab 2006-07"]
[Site "Valby"]
[Date "2006.12.05"]
[Round "3"]
[White "Jorgensen, Kasper Moller"]
[Black "Frederiksen, Alan"]
[Result "1-0"]
[WhiteElo "1930"]
[BlackElo "1638"]
[PlyCount "99"]
[EventDate "2006.??.??"]

1. d4 d5 2. c4 e6 3. Nc3 Nf6 4. Nf3 Be7 5. Bf4 c5 6. e3 a6 7. cxd5 exd5 8. Be2
c4 9. Ne5 b5 10. Bf3 Bb7 11. O-O Bb4 12. Bg5 Bxc3 13. bxc3 O-O 14. Qb1 Qb6 15.
a4 Nbd7 16. Nxd7 Nxd7 17. Bg4 Nf6 18. Bxf6 Qxf6 19. axb5 Rfb8 20. bxa6 Bxa6 21.
Qf5 Qxf5 22. Bxf5 Rb3 23. Rfc1 g6 24. Bg4 Bb7 25. Rxa8+ Bxa8 26. Bd7 Kf8 27.
Kf1 Ke7 28. Ba4 Ra3 29. Bd1 Kd6 30. Ke1 Kc7 31. Kd2 Bc6 32. f3 f5 33. h4 Ba4
34. Be2 Ra2+ 35. Ke1 h5 36. Kf1 Bc2 37. Kf2 Bd3 38. Re1 Bc2 39. Kg3 Kd6 40. Kf4
Ke7 41. Bf1 Bd3 42. Ke5 Rc2 43. Kxd5 Rxc3 44. Bxd3 cxd3 45. e4 fxe4 46. Kxe4
Kd6 47. g4 Ke6 48. g5 d2 49. Rd1 Rc2 50. Kd3 1-0

[Event "K41 Aabent Mesterskab 2006-07"]
[Site "Valby"]
[Date "2006.12.05"]
[Round "3"]
[White "Kristensen, Sascha"]
[Black "Nielsen, Kai Gylling"]
[Result "0-1"]
[WhiteElo "1345"]
[BlackElo "1672"]
[PlyCount "84"]
[EventDate "2006.??.??"]

1. d4 Nf6 2. c4 e6 3. Nc3 Bb4 4. Qc2 Nc6 5. Nf3 b6 6. a3 Bxc3+ 7. bxc3 O-O 8.
Bg5 h6 9. Bh4 g5 10. Bg3 Bb7 11. e4 d6 12. Be2 Ne7 13. e5 dxe5 14. Bxe5 Ng6 15.
Rd1 Qe7 16. h4 g4 17. Nd2 h5 18. f3 Nxe5 19. dxe5 Nd7 20. fxg4 Nxe5 21. gxh5
Bxg2 22. Rh2 Bb7 23. Ne4 f5 24. Ng5 Qf6 25. c5 Rad8 26. Rxd8 Rxd8 27. cxb6 axb6
28. Qb3 Nd3+ 29. Kf1 Nc5 30. Qc2 Be4 31. Qa2 Bd3 32. Rg2 Kh8 33. Nf3 Bxe2+ 34.
Qxe2 Qxc3 35. Ne5 Qa1+ 36. Kf2 Ne4+ 37. Kf3 Qxe5 38. Qe3 Kh7 39. Rg6 Nd2+ 40.
Ke2 Qh2+ 41. Ke1 Qxh4+ 42. Rg3 Ne4 0-1

[Event "K41 Aabent Mesterskab 2006-07"]
[Site "Valby"]
[Date "2006.12.05"]
[Round "3"]
[White "Krogh, Soren"]
[Black "Ringsborg, Allan"]
[Result "0-1"]
[WhiteElo "1183"]
[BlackElo "1591"]
[PlyCount "118"]
[EventDate "2006.??.??"]

1. Nf3 f5 2. c4 Nf6 3. Nc3 b6 4. d4 Bb7 5. Bg5 e6 6. Rc1 Be7 7. e3 O-O 8. Be2
d6 9. O-O Nbd7 10. a3 Ne4 11. Bxe7 Qxe7 12. b4 Nxc3 13. Rxc3 a5 14. d5 axb4 15.
axb4 e5 16. Qb3 Ra7 17. Kh1 Rfa8 18. Rfc1 Nf6 19. Ng5 h6 20. Nh3 Ne4 21. Rd3
Qh4 22. Qd1 Bc8 23. f3 Nf6 24. Qf1 f4 25. e4 Ra2 26. c5 Ba6 27. cxd6 cxd6 28.
Rc6 Bxd3 29. Bxd3 Ra1 30. Rc1 R1a4 31. b5 Kh7 32. Qd1 Nd7 33. Qc2 Nc5 34. Bf1
Ra3 35. Qb2 Qe7 36. Qc2 R8a5 37. Bc4 Qa7 38. Ng1 R5a4 39. Ne2 Qa5 40. Ng1 Ra1
41. Rxa1 Rxa1 42. Qe2 Qc3 43. Ba2 Qc1 44. Qf2 Qa3 45. Bc4 Qc3 46. Bf1 Qc1 47.
Be2 Rb1 48. g3 g5 49. g4 Kg6 50. h4 Kf6 51. h5 Qe3 52. Qxe3 fxe3 53. Kg2 Nb3
54. Nh3 Rb2 55. Ng1 Nd4 56. Kf1 Nxb5 57. Bxb5 Rxb5 58. Ke2 Rb1 59. Nh3 Rh1 0-1

[Event "K41 Aabent Mesterskab 2006-07"]
[Site "Valby"]
[Date "2006.12.05"]
[Round "3"]
[White "Krull, Carl"]
[Black "Kristensen, Steffen Michael"]
[Result "0-1"]
[WhiteElo "1375"]
[BlackElo "1275"]
[PlyCount "60"]
[EventDate "2006.??.??"]

1. e4 e5 2. Nf3 Nc6 3. Bc4 Nd4 4. d3 Qf6 5. Nxd4 exd4 6. c3 Bc5 7. O-O Ne7 8.
a4 a5 9. Bd2 O-O 10. cxd4 Bxd4 11. Bc3 Nc6 12. Qd2 d6 13. Bxd4 Nxd4 14. f4 Bg4
15. Nc3 Be6 16. Nd5 Bxd5 17. Bxd5 c6 18. Bc4 b5 19. axb5 cxb5 20. Bd5 Rac8 21.
Qxa5 Rc2 22. Qb4 Qg6 23. Rf2 Nf3+ 24. Kf1 Nxh2+ 25. Ke1 Qg3 26. Bxf7+ Kh8 27.
Qd4 Ng4 28. Qa7 Ne3 29. Qxe3 Qxe3+ 30. Kd1 Qxf2 0-1

[Event "K41 Aabent Mesterskab 2006-07"]
[Site "Valby"]
[Date "2006.12.05"]
[Round "3"]
[White "Laursen, Niels Norskov"]
[Black "Walli, Aqil Raad"]
[Result "1-0"]
[WhiteElo "2100"]
[BlackElo "1631"]
[PlyCount "89"]
[EventDate "2006.??.??"]

1. e4 c5 2. Nf3 d6 3. d4 cxd4 4. Nxd4 Nf6 5. Nc3 e6 6. Be3 a6 7. Qd2 Qc7 8. f3
Be7 9. g4 Nc6 10. g5 Nd7 11. h4 Nde5 12. Qg2 Qb6 13. O-O-O Nd7 14. Nf5 Qc7 15.
Nxg7+ Kf8 16. Nh5 b5 17. Nf4 b4 18. Nce2 a5 19. Kb1 Nde5 20. Nc1 a4 21. h5 Rg8
22. Nh3 Na5 23. f4 Nec4 24. Bxc4 Nxc4 25. Qf2 b3 26. cxb3 axb3 27. Nxb3 Bb7 28.
Qf3 f5 29. gxf6 Bxf6 30. Bd4 Bxd4 31. Rxd4 Ke7 32. Rc1 Ra4 33. Qc3 Rc8 34. Ng5
Na3+ 35. bxa3 Qxc3 36. Rxc3 Rxd4 37. Rxc8 Bxe4+ 38. Kb2 Ra4 39. Rc7+ Kd8 40.
Nxe6+ Ke8 41. Nbd4 h6 42. Ng7+ Kf8 43. Nde6+ Kg8 44. Ne8 Bf5 45. Nf6+ 1-0

[Event "K41 Aabent Mesterskab 2006-07"]
[Site "Valby"]
[Date "2006.12.05"]
[Round "3"]
[White "Lichtenberg, Ivan"]
[Black "Nielsen, Morten"]
[Result "0-1"]
[WhiteElo "1258"]
[BlackElo "1921"]
[PlyCount "58"]
[EventDate "2006.??.??"]

1. e4 Nf6 2. Nc3 Nc6 3. d4 e5 4. dxe5 Nxe5 5. Nf3 Nxf3+ 6. Qxf3 Bb4 7. Bd2 d6
8. h3 O-O 9. O-O-O Re8 10. Bd3 Nd7 11. Qg3 Bxc3 12. Bxc3 f6 13. f4 Qe7 14. Qh4
Nc5 15. g4 Nxe4 16. Rde1 f5 17. g5 Qf7 18. Bxe4 Rxe4 19. b3 Bd7 20. Qf2 b6 21.
h4 c5 22. h5 d5 23. Be5 Re8 24. Rhg1 Rxe1+ 25. Rxe1 Qxh5 26. Qg2 Bc6 27. Rh1
Qg6 28. Qd2 d4 29. Qd3 Bxh1 0-1

[Event "K41 Aabent Mesterskab 2006-07"]
[Site "Valby"]
[Date "2006.12.05"]
[Round "3"]
[White "Nielsen, John Holm"]
[Black "Mikkelsen, Nikolaj"]
[Result "0-1"]
[WhiteElo "1971"]
[BlackElo "2281"]
[PlyCount "98"]
[EventDate "2006.??.??"]

1. Nc3 f5 2. e4 fxe4 3. d3 e6 4. dxe4 Nc6 5. Nf3 b6 6. Bg5 Be7 7. h4 Nf6 8. Bd3
Ng4 9. Qe2 Nce5 10. Nxe5 Nxe5 11. Qh5+ Nf7 12. Bxe7 Qxe7 13. O-O-O Bb7 14. Nb5
g6 15. Qe2 Qc5 16. f4 e5 17. Bc4 Nd6 18. Nxd6+ cxd6 19. fxe5 dxe5 20. Rhf1
O-O-O 21. Rf7 Bc6 22. a3 Ba4 23. Qd3 Qc7 24. b4 Rdf8 25. Rdf1 Rxf7 26. Rxf7 Bc6
27. b5 Bb7 28. Be6 Rd8 29. Rxh7 Kb8 30. Rxd7 Rxd7 31. Qxd7 Qxd7 32. Bxd7 Bxe4
33. g4 Kc7 34. Be8 Kd6 35. h5 gxh5 36. gxh5 Ke7 37. Bg6 Bxg6 38. hxg6 Kf6 39.
g7 Kxg7 40. Kd2 Kf6 41. Ke3 Kf5 42. c4 Ke6 43. c5 bxc5 44. a4 Kd5 45. a5 c4 46.
Kd2 Kc5 47. b6 axb6 48. a6 Kc6 49. Kc3 b5 0-1

[Event "K41 Aabent Mesterskab 2006-07"]
[Site "Valby"]
[Date "2006.12.05"]
[Round "3"]
[White "Nielsen, Michael"]
[Black "Taylor, Ralph"]
[Result "1/2-1/2"]
[WhiteElo "2043"]
[BlackElo "1876"]
[PlyCount "111"]
[EventDate "2006.??.??"]

1. d4 e6 2. Bf4 d5 3. Nf3 c6 4. c3 f5 5. Nbd2 Nf6 6. g3 Be7 7. Bg2 O-O 8. O-O
Qe8 9. Ne5 Qh5 10. Bf3 Qe8 11. Bg2 Nh5 12. Nd3 Nd7 13. e3 g5 14. Be5 Nxe5 15.
Nxe5 Nf6 16. c4 Kh8 17. f3 Rg8 18. e4 f4 19. g4 h5 20. h3 Nd7 21. Nd3 Nf8 22.
Qe2 Bf6 23. e5 Bd8 24. c5 b6 25. b4 Ba6 26. Nb3 Ng6 27. Rf2 Nh4 28. Qc2 Kg7 29.
Bf1 Rh8 30. Ne1 Bxf1 31. Kxf1 Be7 32. Rc1 Rc8 33. Qd3 b5 34. Na5 Qd7 35. a4 a6
36. axb5 axb5 37. Ra1 Ra8 38. Qb1 Rhc8 39. Ng2 hxg4 40. Nxh4 gxh4 41. fxg4 Bg5
42. Rf3 Rf8 43. Kg2 Ra6 44. Qf1 Qf7 45. Qd3 Rfa8 46. Raf1 Rf8 47. R3f2 Qc7 48.
Ra1 Kh6 49. Kf3 Rfa8 50. Rfa2 R8a7 51. Qc2 Qc8 52. Nb3 Qa8 53. Ra5 Bd8 54. Rxa6
Rxa6 55. Rxa6 Qxa6 56. Qc1 1/2-1/2

[Event "K41 Aabent Mesterskab 2006-07"]
[Site "Valby"]
[Date "2006.12.05"]
[Round "3"]
[White "Nielsen, Soren Skovso"]
[Black "Roder, Peter Ulrik"]
[Result "1/2-1/2"]
[WhiteElo "1593"]
[BlackElo "2029"]
[PlyCount "110"]
[EventDate "2006.??.??"]

1. e4 c5 2. Nf3 Nc6 3. d4 cxd4 4. Nxd4 g6 5. Nc3 Bg7 6. Be3 Qa5 7. Bc4 Qb4 8.
Nxc6 bxc6 9. Bb3 Bxc3+ 10. bxc3 Qxe4 11. O-O Nf6 12. Re1 Qf5 13. Bd4 d6 14. Bc4
e5 15. Bd3 Qh5 16. Be2 Qf5 17. Bd3 Qe6 18. f4 Nd7 19. Qf3 O-O 20. Qxc6 Rb8 21.
fxe5 Nxe5 22. Bxe5 dxe5 23. Qxe6 Bxe6 24. Rxe5 Rfc8 25. c4 Bxc4 26. a4 Rb2 27.
Rae1 Bxd3 28. Re8+ Rxe8 29. Rxe8+ Kg7 30. cxd3 Ra2 31. Re4 Ra3 32. Rd4 Kf6 33.
Kf2 Ke6 34. Ke3 Ra2 35. Re4+ Kd6 36. Rd4+ Kc6 37. Rc4+ Kd6 38. Rd4+ Ke6 39.
Re4+ Kf6 40. Rf4+ Ke7 41. Re4+ Kf8 42. Kf3 Rd2 43. Rd4 Ke7 44. h3 Ke6 45. g3
Ra2 46. Ke3 h5 47. Re4+ Kd6 48. Rd4+ Ke7 49. Rc4 a5 50. Re4+ Kf6 51. Rf4+ Ke6
52. Re4+ Kd6 53. Rd4+ Ke5 54. Re4+ Kd6 55. Rd4+ Ke6 1/2-1/2

[Event "K41 Aabent Mesterskab 2006-07"]
[Site "Valby"]
[Date "2006.12.05"]
[Round "3"]
[White "Nilsson, Erling"]
[Black "Hou, Mads"]
[Result "1-0"]
[WhiteElo "1915"]
[BlackElo "1537"]
[PlyCount "43"]
[EventDate "2006.??.??"]

1. Nf3 f5 2. g3 Nf6 3. Bg2 e6 4. c4 Nc6 5. O-O Be7 6. d4 O-O 7. d5 exd5 8. cxd5
Nb4 9. Nc3 c6 10. d6 Ng4 11. dxe7 Qxe7 12. Bg5 Qf7 13. Qb3 d5 14. Qxb4 h6 15.
Bf4 g5 16. Bxg5 hxg5 17. Nxg5 Qh5 18. h4 f4 19. Nxd5 cxd5 20. Bxd5+ Kg7 21.
Qe7+ Rf7 22. Bxf7 1-0

[Event "K41 Aabent Mesterskab 2006-07"]
[Site "Valby"]
[Date "2006.12.05"]
[Round "3"]
[White "Rasmussen, Morten(1956)"]
[Black "Edholm, Tommy"]
[Result "1-0"]
[WhiteElo "1742"]
[BlackElo "1138"]
[PlyCount "39"]
[EventDate "2006.??.??"]

1. d4 d5 2. Nf3 Nf6 3. e3 e6 4. Bd3 Be7 5. Nbd2 Nc6 6. c3 b6 7. O-O Bd6 8. Qe2
O-O 9. e4 dxe4 10. Nxe4 Bb7 11. Bg5 Be7 12. Nxf6+ Bxf6 13. Qe4 g6 14. Qh4 Bxg5
15. Nxg5 h5 16. Qg3 Qe7 17. Rae1 b5 18. d5 Nd8 19. dxe6 fxe6 20. Nxe6 1-0

[Event "K41 Aabent Mesterskab 2006-07"]
[Site "Valby"]
[Date "2006.12.05"]
[Round "3"]
[White "Sorensen, Hans Erik Then"]
[Black "Nielsen, Jens Holm"]
[Result "1/2-1/2"]
[WhiteElo "1544"]
[BlackElo "1780"]
[PlyCount "41"]
[EventDate "2006.??.??"]

1. d4 d5 2. c4 e6 3. Nc3 Nf6 4. e3 Nbd7 5. a3 c5 6. cxd5 Nxd5 7. Nxd5 exd5 8.
dxc5 Nxc5 9. b4 Ne6 10. Nf3 Be7 11. Bb5+ Kf8 12. Bb2 a5 13. Qa4 Nc7 14. bxa5
Nxb5 15. Qxb5 Rxa5 16. Qb3 Bd7 17. Nd4 b6 18. O-O h5 19. Bc3 Ra8 20. Bb4 Rh6
21. Qxd5 1/2-1/2

[Event "K41 Aabent Mesterskab 2006-07"]
[Site "Valby"]
[Date "2006.12.05"]
[Round "3"]
[White "Truelsen, Ole Illum"]
[Black "Eriksson, Christian Altenburg"]
[Result "1-0"]
[WhiteElo "1786"]
[BlackElo "1985"]
[PlyCount "73"]
[EventDate "2006.??.??"]

1. c4 Nf6 2. Nc3 c5 3. g3 e6 4. e3 d5 5. d4 cxd4 6. exd4 Bb4 7. a3 Bxc3+ 8.
bxc3 dxc4 9. Bxc4 O-O 10. Nf3 b6 11. O-O Bb7 12. a4 Qc7 13. Nd2 Nc6 14. Be2 e5
15. Bb2 Rad8 16. Rc1 Na5 17. f3 Nd5 18. Rf2 Rfe8 19. Nf1 f5 20. c4 Nf6 21. d5
Ba6 22. Qc2 Qd7 23. Ne3 g6 24. Ng2 Rc8 25. Ne3 Nh5 26. f4 exf4 27. Nxf5 Qxf5
28. Qxf5 gxf5 29. Bxh5 Re4 30. gxf4 Rcxc4 31. Rg2+ Kf8 32. Ba3+ Rc5 33. Bxc5+
bxc5 34. Rxc5 Nb3 35. Rc6 Re1+ 36. Kf2 Re2+ 37. Bxe2 1-0

[Event "K41 Aabent Mesterskab 2006-07"]
[Site "Valby"]
[Date "2007.01.02"]
[Round "4"]
[White "Brondum, Eric"]
[Black "Taylor, Ralph"]
[Result "1-0"]
[WhiteElo "2100"]
[BlackElo "1876"]
[PlyCount "63"]
[EventDate "2006.??.??"]

1. d4 f5 2. Nc3 Nf6 3. Bg5 d5 4. Bxf6 exf6 5. e3 c6 6. Qf3 Bd6 7. Bd3 g6 8.
Nge2 Be6 9. h3 Qc7 10. g4 Nd7 11. gxf5 Bf7 12. fxg6 hxg6 13. O-O-O O-O-O 14.
Rdg1 f5 15. h4 Nf6 16. Bxf5+ gxf5 17. Qxf5+ Nd7 18. Qxf7 Rhf8 19. Qh7 Rxf2 20.
Rg8 b5 21. Rxd8+ Qxd8 22. Qd3 Qa5 23. Kb1 b4 24. Nd1 Rf3 25. h5 Kb7 26. h6 Qd8
27. Qg6 Rf6 28. Qg4 Kc7 29. Nf4 Bxf4 30. exf4 Qh8 31. f5 Rxh6 32. Qf4+ 1-0